000 00512nam a2200181 i 4500
001 bg
100 1 _aSokół, Adam.
245 1 0 _aPodstawy gospodarczo-społeczne programowania rozwoju miast /
_cAdam Sokół, Adam Ginsbert-Gebert.
260 _aWarszawa :
_bPaństwowe Wydawnictwo Ekonomiczne,
_c1978.
650 9 _aUrbanistyka
650 9 _aMiasta
700 1 _aGinsbert-Gebert, Adam.
040 _cBPK
041 _apol
080 _a711.4/.8
942 _cKS
008 s pl f |000 0 pol
999 _c9601
_d9601
856 _uhttp://koha.tu.koszalin.pl/cgi-bin/koha/opac-detail.pl?biblionumber=9601
_yKatalog online BPK